Bordering Countries: one Country contains all letters of the other Country - Statistics

General Stats
  • This quiz has been taken 189 times
  • The average score is 10 of 16
Answer Stats
ANSWER % Correct
Democratic Republic of the Congo
82%
Republic of the Congo
80%
Niger
68%
Nigeria
68%
Iran
63%
Iran
63%
Iran
63%
South Sudan
63%
Sudan
63%
Guinea
60%
Guinea-Bissau
59%
Armenia
56%
Turkmenistan
54%
Azerbaijan
51%
Serbia
39%
Bosnia and Herzegovina
38%
No matching quizzes found
Score Distribution
Percent of People with Each Score
Percentile by Number Answered
Your Score History
You have not taken this quiz